Harry Potter Double Letter Names Quiz Stats

Quiz Updated Aug 15, 2012

Challenge
Share
Tweet
Embed
Score 0/78 Timer 12:00
8 Plays Today
Type Name % Correct
First NameHarry
92.3%
Last NamePotter
84.1%
Last NamePotter
84.1%
Last NamePotter
84.1%
Last NamePotter
84.1%
Last NamePotter
84.1%
First NameGinny
76.8%
First NameNeville
71.1%
Last NameMcGonagall
70%
First NameBill
68.1%
First NameMolly
67.8%
Last NameRiddle
67.8%
Last NameLongbottom
66.5%
Last NameLongbottom
66.5%
Last NameBell
65%
First NameDobby
64.9%
First NameBellatrix
64%
Last NameLovegood
62.1%
Last NameLovegood
62.1%
Last NameMoody
58.8%
Last NameCrabbe
57.8%
Last NameDiggory
55.8%
Last NameDiggory
55.8%
Last NameQuirrell
54.5%
Last NamePettigrew
53.2%
First NameNarcissa
52.4%
Last NameWood
52.3%
Last NameHufflepuff
50.1%
Last NameFinnigan
49.5%
Last NameGryffindor
49.3%
Last NameCreevey
48.6%
Last NameCreevey
48.6%
First NameCrookshanks
46%
Last NameOllivander
45.6%
First NameFluffy
45.4%
Last NameSpinnet
44.4%
Last NameCarrow
42.8%
Last NameCarrow
42.8%
Last NameAbbott
42.6%
Type Name % Correct
Last NameHooch
42.4%
Last NameSkeeter
42.2%
First NamePeeves
41.9%
Last NameFigg
41.2%
Last NameKarkaroff
41%
First NameHannah
40.4%
First NameLee
39.7%
Last NameNorris
39.7%
First NameDennis
38.5%
First NameGriphook
38.4%
Last NameBinns
38.3%
First NameSybill
37%
First NameErrol
37%
Last NameDiggle
36.3%
First NameArabella
35.3%
Last NameMacmillan
34%
First NamePoppy
33.1%
Last NameGrubbly-Plank
32.9%
Last NameMcLaggen
32.8%
Last NameCattermole
32.5%
Last NameCattermole
32.5%
First NameGabrielle
32.4%
Last NameRookwood
31.8%
Last NameBoot
31.6%
Last NameThicknesse
31.1%
First NameMarietta
30%
First NameMillicent
29.7%
First NameTerry
29%
First NameGellert
28.1%
Middle NameNigellus
27.5%
Last NameDippet
27.3%
Last NamePolkiss
26.9%
First NameLeanne
25.2%
Last NameCresswell
24.2%
First NameBeedle
22.6%
Last NameWarrington
22.4%
Last NameTwycross
21.7%
First NameJimmy
21.1%
First NameHassan
19.4%

You're not logged in!

Compare scores with friends on all Sporcle quizzes.
Join for Free
OR
Log In

You Might Also Like...

Show Comments

Extras

Top Quizzes Today


Score Distribution

Your Account Isn't Verified!

In order to create a playlist on Sporcle, you need to verify the email address you used during registration. Go to your Sporcle Settings to finish the process.

Report this User

Report this user for behavior that violates our Community Guidelines.

Details: